| 000 -LEADER |
| fixed length control field |
nam a22 a 4500 |
| 003 - CONTROL NUMBER IDENTIFIER |
| control field |
AKMAL |
| 005 - DATE AND TIME OF LATEST TRANSACTION |
| control field |
20170515145922.0 |
| 008 - FIXED-LENGTH DATA ELEMENTS--GENERAL INFORMATION |
| fixed length control field |
170515s2012 my a e | 000 0 eng d |
| 020 ## - INTERNATIONAL STANDARD BOOK NUMBER |
| International Standard Book Number |
9789671140307 (pbk.) |
| 039 #9 - LEVEL OF BIBLIOGRAPHIC CONTROL AND CODING DETAIL [OBSOLETE] |
| Level of rules in bibliographic description |
201305100811 |
| Level of effort used to assign nonsubject heading access points |
aidayas |
| Level of effort used to assign subject headings |
201302251531 |
| Level of effort used to assign classification |
amin |
| Level of effort used to assign subject headings |
201301160911 |
| Level of effort used to assign classification |
ety |
| Level of effort used to assign subject headings |
201209050916 |
| Level of effort used to assign classification |
azma |
| 040 ## - CATALOGING SOURCE |
| Original cataloging agency |
AKMAL |
| 082 04 - DEWEY DECIMAL CLASSIFICATION NUMBER |
| Classification number |
370.7 SIT |
| Edition number |
23 |
| 090 00 - LOCALLY ASSIGNED LC-TYPE CALL NUMBER (OCLC); LOCAL CALL NUMBER (RLIN) |
| Classification number (OCLC) (R) ; Classification number, CALL (RLIN) (NR) |
370.7 |
| Local cutter number (OCLC) ; Book number/undivided call number, CALL (RLIN) |
SIT |
| 100 0# - MAIN ENTRY--PERSONAL NAME |
| Personal name |
Siti Aishah Hassan, |
| Titles and words associated with a name |
Prof. Madya, Dr., |
| Dates associated with a name |
1967- |
| 9 (RLIN) |
4580 |
| 245 10 - TITLE STATEMENT |
| Title |
Quick tips fast track conducting quantitative research / |
| Statement of responsibility, etc. |
Siti Aishah Hassan, Ruziah Ghazali |
| 260 ## - PUBLICATION, DISTRIBUTION, ETC. |
| Place of publication, distribution, etc. |
Bangi, Selangor : |
| Name of publisher, distributor, etc. |
Quty Researcher, |
| Date of publication, distribution, etc. |
2012 |
| 300 ## - PHYSICAL DESCRIPTION |
| Extent |
xiv, 102p. : |
| Other physical details |
ill. ; |
| Dimensions |
29cm. |
| 504 ## - BIBLIOGRAPHY, ETC. NOTE |
| Bibliography, etc. note |
Bibliography: p. 98-99 |
| 650 10 - SUBJECT ADDED ENTRY--TOPICAL TERM |
| Topical term or geographic name entry element |
Education |
| General subdivision |
Research |
| -- |
Methodology |
| 9 (RLIN) |
627 |
| 650 20 - SUBJECT ADDED ENTRY--TOPICAL TERM |
| Topical term or geographic name entry element |
Quantitative research |
| 9 (RLIN) |
4581 |
| 700 0# - ADDED ENTRY--PERSONAL NAME |
| Personal name |
Ruziah Ghazali, |
| Dates associated with a name |
1963- |
| 9 (RLIN) |
4582 |
| 942 ## - ADDED ENTRY ELEMENTS (KOHA) |
| Source of classification or shelving scheme |
|
| Koha item type |
Book |